000 01230njm a2200301Ia 4500
001 E7063
003 IT-RoPAU
005 20220918181148.0
008 131025s9999 xx 000 0 und d
040 _aIT-RoPAU
040 _cIT-RoPAU
999 _c101894
_d101894
999 _bn.d.
100 _aPagani Mauro
_94637
100 _eAutore musica
_931751
100 _gCodice autore musica SPICS: 23681
_94639
245 _aNirvana
250 _a1a ed.
260 _aITALIA
260 _bSAN ISIDRO
_c1997 [1a Ed.:1996 - Ed. Lingua Orig.: 1996]
300 _aCOMPACT DISC
300 _c65 minuti (Testo: pag.)
500 _aColonna sonora del film "Nirvana" diretto da Gabriele Salvatores
505 _aWhatever It Is: Now - John Barleycorn (Must Die): Traffic - Eqbirotz - Sodade: Cesaria Evora - Hotels - Chelsea Hotel - Nirvana - Last Dance - Town House - Tema di Lisa - Jimi e Solo - Lisa Mobile - Town House - Windy City - Chronotape - Tow Fu - J. Milonga.
650 _aCOLONNA SONORA [COMPACT DISC]
_eCodice MATERIA SPICS: 9949
_931752
700 _aDe Robertis Federico
_eAutore
_gCodice autore SPICS: 49144
_931753
700 _aPagani Mauro
_eAutore testo e musica
_gCodice autore testo/musica SPICS: 23681
_931754
942 _cCD
_2ddc